| 000 | 01162cam a22003257a 4500 | ||
|---|---|---|---|
| 003 | CHAP | ||
| 005 | 20220817041152.0 | ||
| 008 | 971013d1991 mx r 10110 spa d | ||
| 010 | _a7822 | ||
| 011 | _a8794 | ||
| 035 | _a8025 | ||
| 040 | _cCHAP | ||
| 082 | 0 | 4 |
_a378 _bR4 |
| 111 | 0 | 0 |
_aReunión Nacional sobre Desarrollo Curricular en Instituciones de Educación Agrícola Superior ( _d1991 _c: Hermosillo, Son.) _996557 |
| 245 | 1 | 0 |
_aMemorias _c/por AMEAS |
| 260 |
_aHermosillo, Son. : _bAsociación Mexicana de Educación Agrícola Superior, _c1991. |
||
| 300 | _a108 p. | ||
| 590 |
_aBATCH-UPD _b10 _c20130110 _lUCH01 _h0030 |
||
| 590 |
_aBATCH-UPD _b10 _c20130110 _lUCH01 _h0935 |
||
| 590 |
_aBATCH-UPD _b10 _c20130409 _lUCH01 _h2012 |
||
| 590 |
_aBATCH-UPD _b10 _c20130410 _lUCH01 _h0553 |
||
| 590 |
_aBATCH-UPD _b10 _c20130914 _lUCH01 _h1235 |
||
| 590 |
_aCONVERSION _b10 _c20130109 _lUCH01 _h1305 |
||
| 650 | 1 | 4 |
_aEducación agrícola _xFormación de profesores. _935519 |
| 650 | 1 | 4 | _aEducación superior. |
| 650 | 1 | 4 |
_aEducación _xPlanes de estudio. _935474 |
| 901 | _aBK | ||
| 942 | _cLIBRO | ||
| 949 |
_a378 R4 _bBC _cCONG _d33724000440988 _eCONG _h84450 _i8025 _mD _si |
||
| 999 |
_c7822 _d7822 |
||